00509nam a2200169Ia 45000030006000000080041000060400015000471000020000622450034000822600043001163000006001595460012001659420012001779990017001890050017002069520116002230STCL150530s9999 xx 000 0 und d aSTCLcSTCL aPalanichamy, S. aJournal of Eco Biology: March bPalani Paramount; Palanic2006aPalani a0 aEnglish 2ddccBK c21227d2122720220125165915.0 00102ddc4070aSTCALbSTCALcGENd2015-05-30g0.00l0o505.41-611p53748r2015-05-30 00:00:00w2015-05-30yBK